000 00632nam a2200217Ia 4500
005 20241129104344.0
008 241129s9999||||xx |||||||||||||| ||und||
020 _a9789811695957
037 _aTextual
040 _aRTL
_beng
_cRTL
041 _aeng
_2eng
084 _aY15:3 Q8
_qRTL
100 _aMisir Prem
245 0 _aSubaltern Indian woman: Domination and social degradation
_cMisir Prem
260 _aSingapore
_bPalgrave Macmillan
_c2018
300 _axix,292p.
365 _aINR
_b1795
650 _aGender and Social Marginalization
_9725987
942 _cTB
_hY15:3 Q8
999 _c1225547
_d1225547